[Event "Hessen-ch Seniors op 05th"]
[Site "Bad Sooden-Allendorf"]
[Date "2009.05.01"]
[Round "7"]
[White "Maximowski, Alexander"]
[Black "Krause, Werner"]
[Result "1-0"]
[WhiteElo "1615"]
[BlackElo "1494"]
[PlyCount "42"]
[EventDate "2009.04.25"]
[EventType "swiss"]
[EventRounds "9"]
[EventCountry "GER"]
[SourceTitle "EXT 2022"]
[Source "ChessBase"]
[SourceDate "2021.10.06"]
[SourceVersion "1"]
[SourceVersionDate "2021.10.06"]
[SourceQuality "1"]

1. e4 e5 2. Nf3 f5 3. d3 Nc6 4. Nc3 Nf6 5. Qe2 d6 6. exf5 Bxf5 7. Bg5 Be7 8. h3 0-0 9. 0-0-0 a6 10. g4 Bd7 11. Bg2 Rb8 12. Rhe1 b5 13. d4 b4 14. Ne4 Rb5 15. dxe5 Nxe4 16. Bxe7 Qxe7 17. Qxe4 Nxe5 18. Nd4 Rc5 19. f4 Qf7 20. fxe5 Qxa2 21. Nb3 Bc6 1-0

[Event "Hessen-ch Seniors op 05th"]
[Site "Bad Sooden-Allendorf"]
[Date "2009.04.26"]
[Round "2"]
[White "Grueneschild, Hildegard"]
[Black "Maximowski, Alexander"]
[Result "1-0"]
[WhiteElo "135"]
[BlackElo "1615"]
[PlyCount "59"]
[EventDate "2009.04.25"]
[EventType "swiss"]
[EventRounds "9"]
[EventCountry "GER"]
[SourceTitle "EXT 2022"]
[Source "ChessBase"]
[SourceDate "2021.10.06"]
[SourceVersion "1"]
[SourceVersionDate "2021.10.06"]
[SourceQuality "1"]

1. c4 e5 2. Nc3 Nf6 3. g3 Bb4 4. Bg2 Bxc3 5. dxc3 0-0 6. Nf3 Re8 7. 0-0 c6 8. Qc2 d5 9. cxd5 Nxd5 10. Ng5 g6 11. e4 Nc7 12. Qb3 Ne6 13. Nxe6 Rxe6 14. Be3 b6 15. Rad1 Qc7 16. f4 Ba6 17. Rfe1 c5 18. c4 Nc6 19. fxe5 Na5 20. Qc3 Nxc4 21. Bf4 Rd8 22. Rd5 Rde8 23. Red1 b5 24. Rd7 Qb6 25. b3 Nxe5 26. Bxe5 Rxe5 27. R1d6 b4 28. Qf3 R5e7 29. Rxb6 Rxd7 30. Rxa6 1-0

[Event "Hessen-ch Seniors op 03rd"]
[Site "Bad Sooden-Allendorf"]
[Date "2007.05.05"]
[Round "8"]
[White "Maximowski, Alexander"]
[Black "Klinger, Rudolf"]
[Result "1-0"]
[WhiteElo "1704"]
[BlackElo "1598"]
[PlyCount "66"]
[EventDate "2007.04.27"]
[EventType "swiss"]
[EventRounds "9"]
[EventCountry "GER"]
[SourceTitle "EXT 2022"]
[Source "ChessBase"]
[SourceDate "2021.10.06"]
[SourceVersion "1"]
[SourceVersionDate "2021.10.06"]
[SourceQuality "1"]

1. e4 e5 2. Nf3 Nc6 3. Bb5 Nf6 4. 0-0 d6 5. d4 a6 6. Bxc6+ bxc6 7. dxe5 Nxe4 8. exd6 cxd6 9. Re1 d5 10. Nd4 c5 11. Nb3 Qf6 12. f3 Be6 13. fxe4 dxe4 14. Nc3 c4 15. Nxe4 Qe5 16. Nd4 Bc5 17. Nxc5 Qxc5 18. Be3 Qd5 19. Nxe6 Qxd1 20. Nxg7+ Kf8 21. Raxd1 Kxg7 22. Bd4+ f6 23. Re7+ Kg6 24. Rf1 Rhf8 25. Re6 Rae8 26. Rxa6 Kg5 27. Bxf6+ Kh5 28. h3 Rg8 29. Rf5+ Kg6 30. Rg5+ Kf7 31. Rxg8 Kxg8 32. a4 Re2 33. a5 Rxc2 1-0

[Event "Hessen-ch Seniors op 03rd"]
[Site "Bad Sooden-Allendorf"]
[Date "2007.05.03"]
[Round "6"]
[White "Maximowski, Alexander"]
[Black "Schneidereit, Manfred"]
[Result "1-0"]
[WhiteElo "1704"]
[BlackElo "1531"]
[PlyCount "99"]
[EventDate "2007.04.27"]
[EventType "swiss"]
[EventRounds "9"]
[EventCountry "GER"]
[SourceTitle "EXT 2022"]
[Source "ChessBase"]
[SourceDate "2021.10.06"]
[SourceVersion "1"]
[SourceVersionDate "2021.10.06"]
[SourceQuality "1"]

1. e4 e5 2. Nf3 Nc6 3. Bb5 d6 4. d4 Bd7 5. 0-0 a6 6. Bxc6 Bxc6 7. dxe5 dxe5 8. Qxd8+ Rxd8 9. Nxe5 Bxe4 10. Re1 Be7 11. c3 Nf6 12. Bg5 Bxb1 13. Raxb1 0-0 14. Nc6 bxc6 15. Rxe7 Nd5 16. Re4 f6 17. Bh4 Rb8 18. Rc4 Rfe8 19. Kf1 Re6 20. Bg3 f5 21. b3 g5 22. h3 f4 23. Bh2 Rbe8 24. Bg1 Nf6 25. a4 Ne4 26. Rd4 Nxc3 27. Ra1 a5 28. g3 Ne2 29. Rd3 fxg3 30. fxg3 Nxg1 31. Kxg1 Re3 32. Rad1 Re1+ 33. Rxe1 Rxe1+ 34. Kf2 Re7 35. Rc3 Rd7 36. Rxc6 Rd3 37. Rxc7 Rxb3 38. Rc5 h6 39. Rxa5 Rb2+ 40. Kf3 Rb3+ 41. Kg4 Rb6 42. Ra8+ Kf7 43. a5 Rb3 44. a6 h5+ 45. Kxh5 Rxg3 46. a7 Rxh3+ 47. Kg4 Rh4+ 48. Kxg5 Ra4 49. Rh8 Ra5+ 50. Kf4 1-0

[Event "Hessen-ch Seniors op 03rd"]
[Site "Bad Sooden-Allendorf"]
[Date "2007.05.01"]
[Round "4"]
[White "Maximowski, Alexander"]
[Black "Pastowski, Werner"]
[Result "1/2-1/2"]
[WhiteElo "1704"]
[BlackElo "1562"]
[PlyCount "102"]
[EventDate "2007.04.27"]
[EventType "swiss"]
[EventRounds "9"]
[EventCountry "GER"]
[SourceTitle "EXT 2022"]
[Source "ChessBase"]
[SourceDate "2021.10.06"]
[SourceVersion "1"]
[SourceVersionDate "2021.10.06"]
[SourceQuality "1"]

1. e4 c5 2. Nf3 d6 3. d4 cxd4 4. Nxd4 Nf6 5. Nc3 a6 6. a3 g6 7. Bc4 Bg7 8. 0-0 0-0 9. Kh1 b5 10. Ba2 Bb7 11. Qd3 Nbd7 12. b4 Ne5 13. Qe3 Rc8 14. Bb2 Nc4 15. Bxc4 Rxc4 16. f3 Qd7 17. Nb3 Ba8 18. Na5 Rc7 19. Qd3 Rfc8 20. Rf2 Nh5 21. Nd1 Bxb2 22. Nxb2 Rc3 23. Qd1 Qc7 24. Rc1 Rxa3 25. c4 Qb6 26. Rfc2 Ra2 27. cxb5 Rxc2 28. Qxc2 Bxe4 29. fxe4 Qxb5 30. Qc8+ Kg7 31. Qc3+ e5 32. Nac4 Nf4 33. Qb3 Rxb2 34. Qxb2 Nd3 35. Qc2 Nxc1 36. Qxc1 Qxb4 37. Kg1 a5 38. Kf2 a4 39. Ke2 h6 40. Kd3 Qb3+ 41. Qc3 Qd1+ 42. Ke3 Qg1+ 43. Kf3 Qxh2 44. Nxd6 Qf4+ 45. Ke2 Qg4+ 46. Kf2 Qf4+ 47. Kg1 h5 48. Qa3 h4 49. Qc3 Kh6 50. Qa3 Kh5 51. Qc5 Kg4 1/2-1/2

[Event "Hessen-ch Seniors op 02nd"]
[Site "Bad Sooden-Allendorf"]
[Date "2006.04.28"]
[Round "4"]
[White "Maximowski, Alexander"]
[Black "Mellenthin, Horst"]
[Result "1/2-1/2"]
[WhiteElo "1721"]
[BlackElo "1707"]
[PlyCount "34"]
[EventDate "2006.04.25"]
[EventType "swiss"]
[EventRounds "9"]
[EventCountry "GER"]
[SourceTitle "EXT 2007"]
[Source "ChessBase"]
[SourceDate "2006.11.23"]
[SourceVersion "1"]
[SourceVersionDate "2006.11.23"]
[SourceQuality "1"]

1. e4 e5 2. Nf3 Nc6 3. Bb5 a6 4. Ba4 d6 5. h3 Bd7 6. c3 Nf6 7. Bc2 Be7 8. 0-0 0-0 9. d4 Ne8 10. dxe5 dxe5 11. Be3 Nd6 12. Nbd2 Be6 13. b3 f5 14. exf5 Bxf5 15. Nh2 Bxc2 16. Qxc2 Nf5 17. Rae1 Qd7 1/2-1/2

[Event "Hessen-ch Seniors op 02nd"]
[Site "Bad Sooden-Allendorf"]
[Date "2006.04.25"]
[Round "1"]
[White "Pape, Manfred"]
[Black "Maximowski, Alexander"]
[Result "1-0"]
[WhiteElo "2044"]
[BlackElo "1721"]
[PlyCount "83"]
[EventDate "2006.04.25"]
[EventType "swiss"]
[EventRounds "9"]
[EventCountry "GER"]
[SourceTitle "EXT 2007"]
[Source "ChessBase"]
[SourceDate "2006.11.23"]
[SourceVersion "1"]
[SourceVersionDate "2006.11.23"]
[SourceQuality "1"]

1. d4 d5 2. Nf3 Nf6 3. Bf4 Nc6 4. e3 Bf5 5. a3 e6 6. c4 Bd6 7. Bg3 dxc4 8. Bxc4 Bxg3 9. hxg3 a6 10. Nc3 b5 11. Ba2 0-0 12. Qe2 h6 13. Rd1 b4 14. Na4 bxa3 15. bxa3 Ne4 16. d5 exd5 17. Bxd5 Qe8 18. Qc4 Rd8 19. Bxc6 Rxd1+ 20. Kxd1 Nxf2+ 21. Ke2 Bd3+ 22. Kxf2 Bxc4 23. Bxe8 Rxe8 24. Rc1 Bb5 25. Nb2 Rc8 26. Rc5 Bd7 27. Nd4 Rb8 28. Nc4 Rb7 29. Kf3 g6 30. Na5 Rb6 31. Rxc7 Rf6+ 32. Ke2 Bg4+ 33. Nf3 Rb6 34. Rb7 Rb5 35. Rxb5 axb5 36. Kd3 f6 37. Kd4 Kf7 38. Kc5 Bd7 39. Kd6 Bf5 40. Nc6 g5 41. Kc5 Bd3 42. Nfe5+ 1-0

[Event "Hessen-ch Seniors op 01st"]
[Site "Bad Sooden-Allendorf"]
[Date "2005.04.22"]
[Round "1"]
[White "Opl, Klaus"]
[Black "Maximowski, Alexander"]
[Result "1-0"]
[WhiteElo "2157"]
[BlackElo "1729"]
[PlyCount "71"]
[EventDate "2005.04.22"]
[EventType "swiss"]
[EventRounds "9"]
[EventCountry "GER"]
[SourceTitle "EXT 2007"]
[Source "ChessBase"]
[SourceDate "2006.11.23"]
[SourceVersion "1"]
[SourceVersionDate "2006.11.23"]
[SourceQuality "1"]

1. e4 e5 2. Nc3 Nf6 3. f4 d6 4. Nf3 Bg4 5. h3 Bxf3 6. Qxf3 Nc6 7. Bb5 Be7 8. d3 0-0 9. Bxc6 bxc6 10. 0-0 Nd7 11. Qg3 f6 12. Qg4 exf4 13. Bxf4 Ne5 14. Qe2 c5 15. Nd5 c6 16. Ne3 Ng6 17. Bg3 d5 18. Nf5 Rf7 19. Rae1 Bf8 20. Qg4 Qd7 21. exd5 cxd5 22. Re2 Re8 23. Nh6+ gxh6 24. Qxd7 Rxd7 25. Rxe8 Kf7 26. Rc8 h5 27. Rc6 Be7 28. h4 Nf8 29. Bf2 Ne6 30. Re1 Bd6 31. Rxe6 Kxe6 32. Bxc5 Ke7 33. Rxd6 Rxd6 34. Kf2 Ke6 35. Bxd6 Kxd6 36. d4 1-0

[Event "Bad Sooden-Allendorf Seniors op 15th"]
[Site "Bad Sooden-Allendorf"]
[Date "2003.04.30"]
[Round "2"]
[White "Neubert, Gerhard"]
[Black "Maximowski, Alexander"]
[Result "1-0"]
[WhiteElo "1980"]
[BlackElo "1737"]
[PlyCount "109"]
[EventDate "2003.05.??"]
[EventType "swiss"]
[EventRounds "9"]
[EventCountry "GER"]
[SourceTitle "EXT 2006"]
[Source "ChessBase"]
[SourceDate "2005.11.24"]
[SourceVersion "1"]
[SourceVersionDate "2005.11.24"]
[SourceQuality "1"]

1. e4 e5 2. Nf3 Nc6 3. Bb5 a6 4. Ba4 d6 5. 0-0 b5 6. Bb3 Na5 7. d4 exd4 8. Nxd4 c5 9. Bd5 Bb7 10. Nb3 Nxb3 11. Bxb7 Nxa1 12. Bc6+ Ke7 13. Nc3 f6 14. Nd5+ Kf7 15. Nf4 Ne7 16. Bxa8 Qxa8 17. f3 Ng6 18. Nd5 Be7 19. c3 Ne5 20. Bf4 c4 21. Qe2 Nb3 22. axb3 cxb3 23. Qd1 Nc4 24. Qxb3 Rb8 25. Qc2 Qa7+ 26. Kh1 a5 27. b3 Ne5 28. Be3 Qa6 29. f4 Nd7 30. Bd4 b4 31. c4 a4 32. Ra1 a3 33. Qe2 Nc5 34. Qh5+ Kf8 35. Bxc5 dxc5 36. Qxh7 Rb7 37. Qf5 Kf7 38. Qh5+ Kf8 39. Ra2 Qe6 40. e5 Rd7 41. Re2 f5 42. Qh8+ Qg8 43. Qh5 g6 44. Qf3 Kg7 45. Kg1 Qa8 46. Ra2 Kf7 47. g4 fxg4 48. Qe4 Qc6 49. f5 gxf5 50. Qxf5+ Ke8 51. e6 Rd6 52. Qf7+ Kd8 53. Qxe7+ Kc8 54. Qf8+ Rd8 55. Ne7+ 1-0

[Event "Bad Sooden-Allendorf Seniors op 14th"]
[Site "Bad Sooden-Allendorf"]
[Date "2002.04.25"]
[Round "4"]
[White "Maximowski, Alexander"]
[Black "Schneider, Miloca"]
[Result "1/2-1/2"]
[WhiteElo "1720"]
[BlackElo "1765"]
[PlyCount "58"]
[EventDate "2002.04.??"]
[EventType "swiss"]
[EventRounds "9"]
[EventCountry "GER"]
[SourceTitle "EXT 2006"]
[Source "ChessBase"]
[SourceDate "2005.11.24"]
[SourceVersion "1"]
[SourceVersionDate "2005.11.24"]
[SourceQuality "1"]

1. e4 d5 2. exd5 Qxd5 3. Nc3 Qa5 4. Nf3 Nf6 5. Bc4 Bg4 6. h3 Bxf3 7. Qxf3 c6 8. 0-0 e6 9. d4 Bd6 10. a3 Nbd7 11. Be3 0-0 12. b4 Qc7 13. Ba2 e5 14. Rad1 exd4 15. Bxd4 a5 16. b5 Bxa3 17. bxc6 bxc6 18. Ne4 Nxe4 19. Qxe4 Rad8 20. Qg4 Ne5 21. Qg3 Bd6 22. h4 c5 23. Bc3 Ng6 24. Qg4 Be5 25. Rxd8 Rxd8 26. h5 Bxc3 27. hxg6 hxg6 28. Qxg6 Rd2 29. Bc4 Rd6 1/2-1/2

[Event "Bad Sooden-Allendorf Seniors op 14th"]
[Site "Bad Sooden-Allendorf"]
[Date "2002.04.22"]
[Round "1"]
[White "Breustedt, Werner"]
[Black "Maximowski, Alexander"]
[Result "1-0"]
[WhiteElo "2265"]
[BlackElo "1720"]
[PlyCount "101"]
[EventDate "2002.04.??"]
[EventType "swiss"]
[EventRounds "9"]
[EventCountry "GER"]
[SourceTitle "EXT 2006"]
[Source "ChessBase"]
[SourceDate "2005.11.24"]
[SourceVersion "1"]
[SourceVersionDate "2005.11.24"]
[SourceQuality "1"]

1. d4 Nf6 2. c4 e6 3. Nf3 d5 4. Bg5 h6 5. Bxf6 Qxf6 6. Nc3 Bb4 7. Qa4+ Nc6 8. e3 0-0 9. cxd5 exd5 10. Rc1 Bd7 11. Bb5 a6 12. Bxc6 Bxc3+ 13. Rxc3 Bxc6 14. Qc2 Qg6 15. Qxg6 fxg6 16. Ne5 Rf6 17. 0-0 Bb5 18. Ra1 Rc8 19. a4 Be8 20. a5 Bb5 21. Rac1 c6 22. f3 g5 23. Kf2 Rc7 24. Kg3 Kf8 25. Rc5 Rd6 26. Rh1 b6 27. axb6 Rb7 28. h4 gxh4+ 29. Rxh4 Rxb6 30. Rf4+ Kg8 31. Rc2 Ba4 32. Rd2 Rb3 33. Kf2 Re6 34. Nd3 Re7 35. Nc5 Rb4 36. b3 Bb5 37. Ra2 Ra7 38. Ra5 Re7 39. Rf5 g6 40. Rf6 Kg7 41. Rd6 g5 42. g4 Rf7 43. Ra1 Rf6 44. Rxf6 Kxf6 45. Ke1 Kg6 46. Kd2 a5 47. Rxa5 Bf1 48. Ke1 Bb5 49. Ra1 h5 50. Kd2 hxg4 51. fxg4 1-0